| 000 | 00782nam0a22002411 4500 | ||
|---|---|---|---|
| 001 | rc\312909 | ||
| 005 | 20030307122057.4 | ||
| 010 |
_a5-85560-147-1 _9260000 |
||
| 035 | _a(NLR Aleph) 005547535 | ||
| 090 |
_a5775649 _c5775649 |
||
| 100 | _a20030307d1990 u |0rusy50 ca | ||
| 101 | 0 | _arus | |
| 102 | _aRU | ||
| 105 | _aa ||||||||| | ||
| 200 | 1 |
_aСказки _e[Для дошк. возраста] _fСтепан Писахов _gХудож. С. Сюхин |
|
| 210 |
_aАрхангельск _cСев.-Зап. кн. изд-во _d1990 |
||
| 215 |
_a26, [4] с. _cцв. ил. _d22 |
||
| 700 | 1 |
_aПисахов _bС. Г. _f1879-1960 _gСтепан Григорьевич |
|
| 801 | 0 |
_aRU _bNLR _gpsbo |
|
| 801 | 1 |
_aRU _bELAR _2rusmarc |
|
| 852 |
_aNLR _j90-6/1429 |
||
| 942 | _cBOOK | ||
| 980 | _aNB | ||